000 00675nam a2200205 i 4500
001 186859
003 ES-MaACL
005 20230906222746.0
008 170223s1910 sp |||| | spa d
080 _a821.134.2-32"19"
245 0 0 _aHacia el amor
_b: [novela de los tiempos de Jesús] /
_cilustraciones de Espi.
260 _aMadrid :
_bLos Contemporáneos,
_c1910.
300 _a[20] p. :
_bil. ;
_c28 cm.
490 1 _aLos contemporáneos ;
_v104
500 _aEn cubierta: Novela de nuestro concurso, lema: Siloé.
700 1 _aEspí, M.
_9161855
830 0 _aLos contemporáneos ;
_v104
_9185715
852 _aES-MaACL
_jR-2599(26)
999 _c186859
_d186859